Hearing on the Collapse of Fannie Mae and Freddie Mac.

Bibliographic Details
Corporate Authors: United States. Congress. House. Committee on Oversight and Government Reform, ProQuest (Firm)
Format: eBook
Language:English
Published: [Washington] : [U.S. G.P.O.], 2008.
Series:U.S. Congressional Research.
Subjects:
Online Access:Connect to the full text of this electronic book

MARC

Tag First Indicator Second Indicator Subfields
LEADER 00000cam a22000001a 4500
001 in00003345305
006 m d f
007 cr bn mmmapmmp
008 110210s2008 dcu o f000 0 eng d
005 20260430161604.1
035 |a cis2007805829 
040 |a ProQuest  |c ProQuest  |d UtOrBLW 
043 |a n-us--- 
099 |a CMP-2008-CGR-0051 
110 1 |a United States.  |b Congress.  |b House.  |b Committee on Oversight and Government Reform. 
245 1 0 |a Hearing on the Collapse of Fannie Mae and Freddie Mac. 
264 1 |a [Washington] :  |b [U.S. G.P.O.],  |c 2008. 
300 |a 1 online resource. 
336 |a text  |b txt  |2 rdacontent 
337 |a computer  |b c  |2 rdamedia 
338 |a online resource  |b cr  |2 rdacarrier 
500 |a Record is based on bibliographic data in ProQuest U.S. Congressional Research Digital Collection. Reuse except for individual research requires license from ProQuest, LLC. 
500 |a Electronic resource. 
610 2 0 |a Freddie Mac (Firm) 
610 2 0 |a Federal National Mortgage Association. 
650 0 |a Housing  |z United States  |x Finance. 
650 0 |a Mortgages  |z United States. 
655 7 |a Electronic books.  |2 local 
710 2 |a ProQuest (Firm) 
776 0 8 |i Print version:   |a United States. Congress. House. Committee on Oversight and Government Reform.  |t Hearing on the Collapse of Fannie Mae and Freddie Mac 
776 0 8 |i Microfiche version:   |a United States. Congress. House. Committee on Oversight and Government Reform.  |t Hearing on the Collapse of Fannie Mae and Freddie Mac.  |d [Bethesda, Md.] : ProQuest,[2004]  |o CIS 2009 H602-7  |w (ProQuest)cis200901092 
830 0 |a U.S. Congressional Research. 
856 4 0 |u http://proxy.library.tamu.edu/login?url=https://congressional.proquest.com/congcomp/getdoc?CRDC-ID=CMP-2008-CGR-0051  |z Connect to the full text of this electronic book  |t 0 
998 |a cis200901092 
999 |a MARS 
999 f f |s 5ee130c0-e533-36fa-9c85-e8fafc7b2d64  |i 57cc1d6b-7505-3842-abb7-2fc3fd09d46c  |t 0 
952 f f |a Texas A&M University  |b College Station  |c Electronic Resources  |s www_evans  |d Available Online  |t 0  |e CMP-2008-CGR-0051  |h Other scheme 
998 f f |a CMP-2008-CGR-0051  |t 0  |l Available Online